000 00511nam a2200181Ia 4500
008 240925s9999 xx 000 0 und d
020 _a8126503653
082 _a005.133 HAL
100 _aHalvorson, Michael
245 0 _aMicrosoft Visual Basic .Ne: step by step
250 _aNA
260 _aLahore:
_bJahangir Book Depot
_c,2001.
300 _axxv,950p.
_bNA
_fOriginal
500 _aIncludes Index
600 _aComputer Science
650 _aComputer science, information & general works
942 _cBK
999 _c7141
_d7141